[Event "Ricany op"]
[Site "Ricany"]
[Date "2010.08.28"]
[Round "9"]
[White "Hadrava, Jaroslav"]
[Black "Pech, Hynek"]
[Result "1-0"]
[WhiteElo "1908"]
[BlackElo "1800"]
[PlyCount "61"]
[EventDate "2010.08.21"]
[EventType "swiss"]
[EventRounds "9"]
[EventCountry "CZE"]
[SourceTitle "EXT 2022"]
[Source "ChessBase"]
[SourceDate "2021.10.06"]
[SourceVersion "1"]
[SourceVersionDate "2021.10.06"]
[SourceQuality "1"]

1. e4 e5 2. Nc3 Nc6 3. f4 d6 4. Nf3 Nf6 5. Bb5 exf4 6. 0-0 Be6 7. d4 d5 8. Ne5 Bd7 9. exd5 Nxe5 10. Qe2 Qe7 11. Qxe5 Qxe5 12. dxe5 Bxb5 13. Nxb5 Nxd5 14. c4 a6 15. cxd5 axb5 16. Bxf4 Bc5+ 17. Kh1 Bd4 18. Rac1 Kd7 19. e6+ fxe6 20. Rxc7+ Kd8 21. dxe6 Bxb2 22. e7+ Ke8 23. Bd6 Bf6 24. Rxb7 Kf7 25. a3 Ke6 26. Bb4 Rhe8 27. Re1+ Kf7 28. Rxb5 Bxe7 29. Rb7 Rac8 30. Rbxe7+ Rxe7 31. Rxe7+ 1-0

[Event "Ricany op"]
[Site "Ricany"]
[Date "2010.08.27"]
[Round "8"]
[White "Pech, Hynek"]
[Black "Havelka, Petr"]
[Result "1/2-1/2"]
[WhiteElo "1800"]
[BlackElo "1923"]
[PlyCount "29"]
[EventDate "2010.08.21"]
[EventType "swiss"]
[EventRounds "9"]
[EventCountry "CZE"]
[SourceTitle "EXT 2022"]
[Source "ChessBase"]
[SourceDate "2021.10.06"]
[SourceVersion "1"]
[SourceVersionDate "2021.10.06"]
[SourceQuality "1"]

1. e4 d5 2. exd5 Qxd5 3. Nc3 Qa5 4. d4 Nf6 5. Nf3 Bg4 6. Bc4 e6 7. Qe2 Bb4 8. Bd2 c6 9. d5 cxd5 10. Bb5+ Nbd7 11. 0-0-0 0-0 12. Kb1 Qc7 13. Nxd5 Nxd5 14. Bxb4 Nxb4 15. Rxd7 1/2-1/2

[Event "Ricany op"]
[Site "Ricany"]
[Date "2010.08.26"]
[Round "7"]
[White "Skokan, Frantisek"]
[Black "Pech, Hynek"]
[Result "1/2-1/2"]
[WhiteElo "1903"]
[BlackElo "1800"]
[PlyCount "44"]
[EventDate "2010.08.21"]
[EventType "swiss"]
[EventRounds "9"]
[EventCountry "CZE"]
[SourceTitle "EXT 2022"]
[Source "ChessBase"]
[SourceDate "2021.10.06"]
[SourceVersion "1"]
[SourceVersionDate "2021.10.06"]
[SourceQuality "1"]

1. e4 e5 2. Nf3 Nc6 3. Bc4 Bc5 4. c3 Nf6 5. d3 0-0 6. b4 Be7 7. 0-0 d6 8. h3 Be6 9. Bxe6 fxe6 10. Qb3 Qd7 11. Re1 Kh8 12. Nbd2 Nh5 13. d4 Nf4 14. dxe5 Nd3 15. Re2 Ncxe5 16. Nxe5 Nxe5 17. Nf1 Bh4 18. Be3 Ng6 19. g3 Be7 20. Rd1 e5 21. Kg2 b6 22. a4 a5 1/2-1/2

[Event "Ricany op"]
[Site "Ricany"]
[Date "2010.08.22"]
[Round "3"]
[White "Pech, Hynek"]
[Black "Skacel, Jan"]
[Result "1/2-1/2"]
[WhiteElo "1800"]
[BlackElo "2073"]
[PlyCount "25"]
[EventDate "2010.08.21"]
[EventType "swiss"]
[EventRounds "9"]
[EventCountry "CZE"]
[SourceTitle "EXT 2022"]
[Source "ChessBase"]
[SourceDate "2021.10.06"]
[SourceVersion "1"]
[SourceVersionDate "2021.10.06"]
[SourceQuality "1"]

1. e4 e5 2. Nf3 Nc6 3. Bb5 a6 4. Bxc6 dxc6 5. 0-0 f6 6. d3 Bd6 7. Nbd2 Ne7 8. c3 c5 9. b3 0-0 10. Bb2 Nc6 11. Qe2 Be6 12. Rad1 Qe8 13. Rfe1 1/2-1/2

[Event "Mlada Boleslav ATMOS op"]
[Site "Mlada Boleslav"]
[Date "2007.08.03"]
[Round "6"]
[White "Pech, Hynek"]
[Black "Burianek, Tomas"]
[Result "1-0"]
[WhiteElo "1747"]
[BlackElo "1954"]
[PlyCount "65"]
[EventDate "2007.07.30"]
[EventType "swiss"]
[EventRounds "9"]
[EventCountry "CZE"]
[SourceTitle "EXT 2010"]
[Source "ChessBase"]
[SourceDate "2010.11.25"]
[SourceVersion "1"]
[SourceVersionDate "2010.11.25"]
[SourceQuality "1"]

1. e4 c5 2. Nf3 d6 3. d4 cxd4 4. Nxd4 Nc6 5. c4 g6 6. Nc3 Bg7 7. Be3 Bd7 8. Be2 Nf6 9. Qd2 a6 10. 0-0 0-0 11. f4 Ng4 12. Bxg4 Bxg4 13. f5 Bxd4 14. Bxd4 Bh5 15. Nd5 f6 16. Nf4 Qe8 17. Ne6 g5 18. b4 Rc8 19. Nxf8 Kxf8 20. Rf2 Rd8 21. a4 Qf7 22. b5 Nb8 23. Qb4 Rc8 24. Rc1 Qe8 25. Rfc2 Kg7 26. c5 dxc5 27. Rxc5 Rxc5 28. Rxc5 Qd7 29. Qc3 axb5 30. axb5 Qd6 31. e5 Qd7 32. exf6+ Kh6 33. f7 1-0